| 000 | 01453cam9a220031301 4500 | ||
|---|---|---|---|
| 001 | lce00325987 | ||
| 005 | 20190815103207.0 | ||
| 008 | 771207s1976 at a b 000 0 eng | ||
| 010 | _a 77372584 //r902 | ||
| 015 | _aAus | ||
| 020 | _a0909150125 | ||
| 035 | _a(Sirsi) r33983 | ||
| 035 | _a(DLC) 77372584 //r902 | ||
| 035 | _a(UPRA)lce00325987 | ||
| 040 |
_aDLC _cDLC _dDLC |
||
| 043 | _aa-hk--- | ||
| 050 | 0 | 0 |
_aHB2117.A3 _bL43 |
| 082 | 0 | 0 | _a301.32/9/5125 |
| 100 | 1 |
_aLee, Rance Pui-leung. _6A97372.1 |
|
| 245 | 1 | 4 |
_aThe fading of earthbound compulsion in a Hong Kong village : _bpopulation mobility and its economic implication / _c[by] Rance Pui-leung Lee. |
| 260 |
_aCanberra : _bAustralian National University, Research School of Pacific Studies, _cc1976. |
||
| 490 | 1 | _aWorking paper - Development Studies Centre, Australian National University ; no. 4 | |
| 504 | _aBibliography: leaf 15. | ||
| 650 | 0 |
_aMigration, Internal -- Economic aspects -- Hong Kong. _xMigration, Internal -- Economic aspects -- Hong Kong. _zMigration, Internal -- Economic aspects -- Hong Kong. _6S70278.1 |
|
| 650 | 0 |
_aVillages -- Economic aspects -- Hong Kong. _xVillages -- Economic aspects -- Hong Kong. _zVillages -- Economic aspects -- Hong Kong. _6S70279.1 |
|
| 830 | 0 |
_aWorking paper (Australian National University. Development Studies Centre : 1975) ; _vno. 4. _6S12671.1 |
|
| 949 |
_aHB2117.A3 _wlcc _i-39756 _mMAIN _tBOOK _lON-SHELF |
||
| 004 | 33983 | ||
| 999 |
_c65420 _d65420 |
||